Die Photos der Preussischen Expedition 1908-1910 nach Nubien /

محفوظ في:

المؤلف الرئيسي: Beinlich, Horst (مؤلف)

التنسيق: كتاب

اللغة: German

منشور في: Dettelbach : J. H. Roll, 2010-

سلاسل: Studien zu den Ritualszenen Altagyptischer Tempel ; 15-22.
SRaT ; 15-22.

الموضوعات:

الوسوم: إضافة وسم

لا توجد وسوم, كن أول من يضع وسما على هذه التسجيلة!

رقم الطلب: BL2443 .D5 v.15-22

LEADER 01197namaa2200337 4500
003 OSt
005 20250929123123.0
008 130303m20122016gw a 000 0 ger d
020 |a 9783897543621   |q (volume 15) 
020 |a 9783897543638   |q (volume 16) 
020 |a 9783897543645   |q (volume 17) 
020 |a 9783897543652   |q (volume 18) 
020 |a 9783897543669   |q (volume 19) 
020 |a 9783897543676   |q (volume 20) 
020 |a 9783897543683   |q (volume 21) 
020 |a 9783897543690   |q (volume 22) 
040 |c ARCE Library 
050 4 |a BL2443 .D5 v.15-22  
100 1 |a Beinlich, Horst,  |e author 
245 1 4 |a Die Photos der Preussischen Expedition 1908-1910 nach Nubien /   |c Horst Beinlich. 
264 1 |a Dettelbach :   |b J. H. Roll,   |c 2010- 
300 |a volumes :   |b chiefly illustrations ;  |c 31 cm. 
490 1 |a Studien zu den Ritualszenen Altagyptischer Tempel ;   |v 15-22. 
490 1 |a SRaT ;   |v 15-22. 
650 0 |a Tempes  |z Egypt  |v Pictorial works.  |9 3499 
651 0 |a Egypt  |x Antiquities  |v Pictorial works. 
830 0 |a Studien zu den Ritualszenen Altagyptischer Tempel ;   |v 15-22. 
830 0 |a SRaT ;   |v 15-22. 
901 |a reviewed 
942 |c BK  |2 lcc 
999 |c 6248  |d 6248